History Quiz

Random History or Nation Quiz

'Q' 'X' 'Z' American History Quiz Stats

 Plays Quiz Updated Mar 25, 2018

Challenge
Share
Tweet
Embed
Score 0/20 Timer 07:00
6 Plays Today
Hint Answer % Correct
The Hindenburg, which crashed in New Jersey in 1937, was what type of airship?Zeppelin
85.8%
Who served as Vice President under George H.W. Bush from 1989 to 1993?Dan Quayle
82.2%
Pennsylvania was established by William Penn, a member of what religious group?Quakers
82%
Who co-founded Facebook in 2004?Mark Zuckerberg
78.7%
What nickname was given to the serial killer who operated in northern California in the 1960s and 1970s?Zodiac Killer
70%
What company was founded in Rochester, New York, in 1906 as the Haloid Photographic Company?Xerox
66.9%
What system was introduced by the U.S. Postal Service in 1963?Zip Code
64.5%
What national park in southwestern Utah was established in 1909 under the name 'Mukuntuweap National Monument'?Zion National Park
56.2%
What Massachusetts city was the birthplace of John Adams, John Quincy Adams, and John Hancock?Quincy
55%
What Ohio university was the first Catholic institution of higher learning in the Northwest Territory?Xavier University
53.2%
Hint Answer % Correct
What act, passed by Parliament in 1765, required the American colonies to provide British soldiers with housing and food?Quartering Act
49.8%
Who is best known for having filmed the assassination of President Kennedy in 1963?Abraham Zapruder
47.7%
What 1797 and 1798 political scandal involved a confrontation between France and the Adams administration?XYZ Affair
42.5%
What secret communication proposing a military alliance between Mexico and Germany helped generate U.S. support for entering WWI?Zimmermann Telegram
35.7%
What musical genre blends blues, rhythm and blues, and music indigenous to Louisiana Creoles?Zydeco
35.2%
What athlete achieved success in golf, basketball, baseball, and track and field, winning two gold medals at the 1932 Olympics?Babe Zaharias
23.8%
What series of attacks occurred in 1943 between white American servicemen and Mexican-American youths in southern California?Zoot Suit Riots
23.5%
The people of what Pueblo tribe live mostly in western New Mexico?Zuni
23.3%
What undeclared war, between the U.S. and France, took place almost entirely at sea between 1798 and 1800?Quasi-War
15.9%
What New York City journalist became a symbol for the free press after being accused of libel in 1734?John Peter Zenger
8.6%

You're not logged in!

Compare scores with friends on all Sporcle quizzes.
OR
Log In

You Might Also Like...

Show Comments

Extras

Top Quizzes Today


Score Distribution

Your Account Isn't Verified!

In order to create a playlist on Sporcle, you need to verify the email address you used during registration. Go to your Sporcle Settings to finish the process.

Report this User

Report this user for behavior that violates our Community Guidelines.

Details: